Ягодки (Запис номер 348078)
[ съкратено ]
| 000 -Лидер | |
|---|---|
| Контролно поле с фиксирана дължина | nam a22 a 4500 |
| 003 - Код на организацията, давaща контролен номер | |
| Контролно поле | BLK |
| 005 - Дата и час на последна редакция | |
| Контролно поле | 20200121145701.0 |
| 008 - Елементи от данни с фиксирана дължина | |
| fixed length control field | 200121b bu ||||| |||| 00| 0 bu d |
| 020 ## - Международен стандартен номер на книга ISBN | |
| Международен стандартен номер на книга ISBN | 9789546608215 |
| 040 ## - Източник на каталожния запис | |
| Идентификатор на билиотеката - собственик на записа | BLK |
| 041 ## - Код за език | |
| Код за езика на текст/звукозапис или на отделно заглавие | Български |
| Код за езика КДБФ | Български |
| 080 ## - УДК | |
| Текстов определител УДК | Издания за деца и юноши. Книжки-картинки. Читанки. Вж и 372.4 |
| УДК код - определител по УДК | 087.5 |
| УДК - код + определител | 087.5 |
| 139 ## - Редно поле | |
| Редна дума | Ягодки : забавни задачи и игри |
| Авторски знак | Ягод - Я 22 |
| 245 ## - Сведения за заглавието | |
| Заглавие | Ягодки |
| Подзаглавни данни | Забавни задачи и игри |
| 260 ## - Област на издателските данни | |
| 9 (RLIN) | 209558 |
| Място на издаване, разпространение и проч. | София |
| Име на издателя, разпространителя и проч. | ПАН |
| Година на издаване | 2017 |
| Печатница | Циан |
| 300 ## - Физическа характеристика | |
| Страници | 10 с. : |
| Илюстрации и др. | с цв. ил., [2] л. : цв. стикери |
| Размери/Мащаб | 21 x 23 см |
| 380 ## - Жанр | |
| Жанр | Общ отдел |
| 500 ## - Общи забележки | |
| Забележка | Кор. опис.<br/>Без сведение за ориг. загл. |
| 700 ## - Други автори (авторска отговорност) | |
| 9 (RLIN) | 599 |
| Лично име | Будек, Мариола |
| Автороска отговорност (Описва отношението между автора и произведението) | ил. |
| 999 ## - СИСТЕМНИ КОНТРОЛНИ НОМЕРА | |
| Koha biblionumber | 348078 |
| Koha biblioitemnumber | 348078 |
| 942 ## - АРТИКУЛИ | |
| Вид на библиотечния материал | Книги |
| Скрит в OPAC | Не |
| Периодичен библиозапис | Да |
| 944 ## - СЪЗДАВАНЕ И РЕДАКЦИЯ на ЗАПИСА | |
| Създаване/Редакция | Създаване |
| Дата на регистрацията/редакция | 2020-01-21 |
| Служител, извършил регистрацията/редакцията | Моника Янева |
| Статус, дата на статуса | 2020-01-21 |
| Код за отписване | Код за изгубен артикул | Източник на класификационната схема | Код за повреда | Коз за рестрикции | Код за отдаване | Артикулен № | Име на библиотеката - собственик | Име на библиотеката, в която се намира в момента | Статус (Текущо местоположение) | Дата на вписване в системата | Местоположение - отдел | Цена в лева | Систематично азбучна сигнатура | Баркод | Цена в евро | Служебен тип на артикула |
|---|---|---|---|---|---|---|---|---|---|---|---|---|---|---|---|---|
| Не е изгубен | Universal Decimal Classification | Не е повреден | само за читалня | ползва се в читалня | 754819 | Регионална библиотека "Любен Каравелов" Русе | Регионална библиотека "Любен Каравелов" Русе | Хранилище | 2020-01-29 | Хранилище | 2.90 | Цб 297824 | 120000841832 | 1.48 | Книги |